000 00500nam a2200193 a 4500
001 1758712714880
003 YourLibrary
005 20250924164949.0
008 250924s2003##################000#0#eng##
020 _a9781898486497
082 0 4 _a579.3
_bDUR
100 1 _aDürre, Peter,
_eauthor.
245 1 0 _aRegulatory Networks in Prokaryotes :
260 _bGarland Science,
_c2003.
300 _a216 pages
650 0 _aScience.
942 _cENGLISH
040 _aYourLibrary
_beng
_cYourLibrary
999 _c589394
_d589394